Hermie a common caterpillar / (Record no. 292556)
[ view plain ]
| 000 -LEADER | |
|---|---|
| fixed length control field | 00625nam a2200217Ia 4500 |
| 008 - FIXED-LENGTH DATA ELEMENTS--GENERAL INFORMATION | |
| fixed length control field | 160319s9999 xx 000 0 und d |
| 245 ## - TITLE STATEMENT | |
| Title | Hermie a common caterpillar / |
| 245 ## - TITLE STATEMENT | |
| Statement of responsibility, etc | Max Lucado; Tim Conway; Don Knotts; Tommy Nelson (Firm). |
| 260 ## - PUBLICATION, DISTRIBUTION, ETC. (IMPRINT) | |
| Name of publisher, distributor, etc | Epiphany Video. |
| 260 ## - PUBLICATION, DISTRIBUTION, ETC. (IMPRINT) | |
| Date of publication, distribution, etc | 2005 |
| 300 ## - PHYSICAL DESCRIPTION | |
| Extent | 1 videodisc (ca. 40 min.) : |
| 300 ## - PHYSICAL DESCRIPTION | |
| Other physical details | sound., color ; |
| 300 ## - PHYSICAL DESCRIPTION | |
| Dimensions | 4 3/4 in. |
| 440 ## - SERIES STATEMENT/ADDED ENTRY--TITLE | |
| Title | Max Lucado's Hermie & friends. |
| 650 ## - SUBJECT ADDED ENTRY--TOPICAL TERM | |
| Topical term or geographic name as entry element | Caterpillars -- |
| 650 ## - SUBJECT ADDED ENTRY--TOPICAL TERM | |
| Topical term or geographic name as entry element | Christian life -- |
| 650 ## - SUBJECT ADDED ENTRY--TOPICAL TERM | |
| Topical term or geographic name as entry element | Worms -- |
| 650 ## - SUBJECT ADDED ENTRY--TOPICAL TERM | |
| General subdivision | Juvenile drama. |
| 650 ## - SUBJECT ADDED ENTRY--TOPICAL TERM | |
| General subdivision | Juvenile drama. |
| 650 ## - SUBJECT ADDED ENTRY--TOPICAL TERM | |
| General subdivision | Juvenile drama. |
| Withdrawn status | Lost status | Damaged status | Home library | Current library | Date acquired | Total Checkouts | Barcode | Date last seen | Price effective from | Koha item type |
|---|---|---|---|---|---|---|---|---|---|---|
| Stonyhurst Southville International School (Batangas) | Stonyhurst Southville International School (Batangas) | 03/19/2016 | AV-159 | 03/19/2016 | 03/19/2016 | Audio Visual Materials |